Plats avec du Jambon - Mort Subite - Statistiques

Statistiques générales
  • Ce quiz a été pris 360 fois
  • Le résultat moyen est 6 sur 16
Answers on the Grid
Answers color-coded by a green-red scale on the quiz's grid according to % correct below.
Pan de jamón
Prosciutto e melone
Crêpe complète
Croque-madame
Jambon-beurre
Endives au gratin / Chicons au gratin
Francesinha
Sandwich Monte Cristo
Pizza hawaïenne
Toast Hawaii
Medianoche
Budae-jjigae
Salade parisienne
Cordon bleu
Soupe aux pois à la québécoise
Šunka u kruhu
BLT
Pepperoni pizza de New York
Tournedos Rossini
Galbi-gui
Panino con il lampredotto
Shish taouk
Pastrami on rye
Sol over Gudhjem
Salade César
Fettuccine Alfredo
Königsberger Klopse
Salade niçoise
 
Statistiques - réponses
Réponse % Correct
Cordon bleu
79%
Jambon-beurre
79%
Croque-madame
71%
Pan de jamón
63%
Crêpe complète
62%
Endives au gratin / Chicons au gratin
50%
Salade parisienne
36%
Prosciutto e melone
35%
Pizza hawaïenne
33%
Sandwich Monte Cristo
25%
Francesinha
22%
Toast Hawaii
12%
Medianoche
5%
Soupe aux pois à la québécoise
4%
Šunka u kruhu
3%
Budae-jjigae
1%
Aucun quiz correspondant
Distribution des résultats
% des personnes avec chaque résultat
Percentile par nombre de réponses
Votre historique - résultats
Vous n’avez pas pris ce quiz